| 000 | 003730000a22001570004500 | ||
|---|---|---|---|
| 001 | 004068 | ||
| 003 | MACL | ||
| 040 | _aMACL | ||
| 090 |
_c16061 _d16060 |
||
| 100 | _aMahale, K.J. | ||
| 245 |
_aTolerance _bA Golden Path To Peaceful Co E̜xistence _cK.J. Mahale |
||
| 260 |
_aBooks India International, _c2002 |
||
| 350 | _a300 | ||
| 650 | _aPsychology | ||
| 942 |
_k180 _cBook |
||
| 999 |
_c15959 _d15959 |
||